Tools and techniques of journalism (Record no. 2788)
[ view plain ]
| 000 -LEADER | |
|---|---|
| fixed length control field | 00332nam a22001457a 4500 |
| 003 - CONTROL NUMBER IDENTIFIER | |
| control field | NUST |
| 020 ## - INTERNATIONAL STANDARD BOOK NUMBER | |
| International Standard Book Number | 9789381421635 |
| 038 ## - RECORD CONTENT LICENSOR | |
| Staff Name | A |
| 082 ## - DEWEY DECIMAL CLASSIFICATION NUMBER | |
| Classification number | 302.23 |
| 100 ## - MAIN ENTRY--PERSONAL NAME | |
| Personal name | Ajay Kumar Sharma |
| 9 (RLIN) | 31309 |
| 245 ## - TITLE STATEMENT | |
| Title | Tools and techniques of journalism |
| 260 ## - PUBLICATION, DISTRIBUTION, ETC. | |
| Place of publication, distribution, etc. | New Delhi |
| Name of publisher, distributor, etc. | Random publications |
| Date of publication, distribution, etc. | 2012. |
| 300 ## - PHYSICAL DESCRIPTION | |
| Extent | 270p |
| 942 ## - ADDED ENTRY ELEMENTS (KOHA) | |
| Koha item type | Book |
| Source of classification or shelving scheme | |
| Withdrawn status | Lost status | Source of classification or shelving scheme | Damaged status | Not for loan | Permanent Location | Current Location | Shelving location | Date acquired | Total Checkouts | Total Renewals | Full call number | Barcode | Date last seen | Price effective from | Koha item type |
|---|---|---|---|---|---|---|---|---|---|---|---|---|---|---|---|
| Central Library (CL) | Central Library (CL) | First Floor - Journalism | 03/18/2016 | 1 | 302.23 SHA | S3H-S-450 | 02/23/2026 | 03/18/2016 | Book |
